[Event "Deutsche Ländermeisterschaft 2016"]
[Site "Hannover GER"]
[Date "2016.10.05"]
[Round "7"]
[White "Ott, Florian"]
[Black "Walter, Kevin"]
[Result "1-0"]
[Termination "normal"]
[Board "1.1"]
[WhiteTitle "FM"]
[WhiteElo "2299"]
[BlackElo "2194"]
[WhiteClock "00:32:05"]
[BlackClock "00:03:02"]
[WhiteTeam "Bayern"]
[BlackTeam "Württemberg"]
[PlyCount "57"]
[WhiteFideId "12900281"]
[BlackFideId "12906654"]
[EventCountry "GER"]
[EventRounds "7"]
[EventType "team-swiss"]
[EventDate "2016.09.30"]

1. Nf3 {[%clk 1:30:59]} Nf6 {[%clk 1:30:23]} 2. c4 {[%clk 1:31:26]} g6 {[%clk
1:29:46]} 3. Nc3 {[%clk 1:31:28]} d5 {[%clk 1:29:52]} 4. cxd5 {[%clk 1:31:55]}
Nxd5 {[%clk 1:30:09]} 5. h4 {[%clk 1:32:23]} Bg7 {[%clk 1:27:15]} 6. h5 {[%clk
1:32:36]} Nc6 {[%clk 1:26:54]} 7. h6 {[%clk 1:09:31]} Bf6 {[%clk 1:26:58]} 8.
Ne4 {[%clk 1:09:54]} e5 {[%clk 1:24:57]} 9. Nxf6+ {[%clk 1:09:55]} Qxf6 {[%clk
1:23:30]} 10. d3 {[%clk 1:09:02]} Qe7 {[%clk 1:22:51]} 11. g3 {[%clk 1:06:27]}
Bg4 {[%clk 1:12:44]} 12. Bg2 {[%clk 1:05:47]} O-O {[%clk 1:09:18]} 13. O-O
{[%clk 1:04:56]} Kh8 {[%clk 1:08:41]} 14. Qb3 {[%clk 0:53:22]} Rad8 {[%clk
0:55:43]} 15. Qxb7 {[%clk 0:45:48]} Ndb4 {[%clk 0:54:02]} 16. Bd2 {[%clk
0:42:55]} Bxf3 {[%clk 0:19:17]} 17. Bxf3 {[%clk 0:41:37]} Rb8 {[%clk 0:18:46]}
18. Bxb4 {[%clk 0:40:23]} Nxb4 {[%clk 0:19:03]} 19. Qxa7 {[%clk 0:39:50]} Nc2
{[%clk 0:18:32]} 20. Rac1 {[%clk 0:34:27]} Rxb2 {[%clk 0:18:27]} 21. Rb1 {[%clk
0:34:45]} Rxb1 {[%clk 0:17:06]} 22. Rxb1 {[%clk 0:35:11]} Nd4 {[%clk 0:16:12]}
23. Rb8 {[%clk 0:33:07]} Ne6 {[%clk 0:13:23]} 24. a4 {[%clk 0:30:39]} Qg5
{[%clk 0:06:03]} 25. Rxf8+ {[%clk 0:30:56]} Nxf8 {[%clk 0:06:23]} 26. Qxc7
{[%clk 0:31:16]} Qxh6 {[%clk 0:04:57]} 27. Qxf7 {[%clk 0:31:27]} Qc1+ {[%clk
0:03:18]} 28. Kg2 {[%clk 0:31:46]} Qc8 {[%clk 0:03:02]} 29. Qf6+ {[%clk
0:32:05]} 1-0

[Event "Deutsche Ländermeisterschaft 2016"]
[Site "Hannover GER"]
[Date "2016.10.05"]
[Round "7"]
[White "Peng, Xiang-Tobias"]
[Black "Oberhofer, Cédric"]
[Result "1/2-1/2"]
[Termination "normal"]
[Board "1.2"]
[WhiteElo "2109"]
[BlackElo "2208"]
[WhiteClock "00:08:17"]
[BlackClock "00:20:36"]
[WhiteTeam "Württemberg"]
[BlackTeam "Bayern"]
[PlyCount "71"]
[WhiteFideId "12964328"]
[BlackFideId "12941220"]
[EventCountry "GER"]
[EventRounds "7"]
[EventType "team-swiss"]
[EventDate "2016.09.30"]

1. e4 {[%clk 1:30:59]} c5 {[%clk 1:30:55]} 2. Nf3 {[%clk 1:31:26]} d6 {[%clk
1:31:21]} 3. d4 {[%clk 1:31:52]} cxd4 {[%clk 1:31:48]} 4. Nxd4 {[%clk 1:32:21]}
Nf6 {[%clk 1:32:11]} 5. Nc3 {[%clk 1:32:49]} a6 {[%clk 1:32:37]} 6. h3 {[%clk
1:31:47]} e6 {[%clk 1:32:40]} 7. g4 {[%clk 1:31:29]} b5 {[%clk 1:32:57]} 8. Bg2
{[%clk 1:27:31]} Bb7 {[%clk 1:33:20]} 9. a3 {[%clk 1:22:20]} Nfd7 {[%clk
1:28:52]} 10. O-O {[%clk 1:16:38]} Nc6 {[%clk 1:21:43]} 11. Kh1 {[%clk
1:09:58]} Rc8 {[%clk 1:18:48]} 12. f4 {[%clk 1:04:41]} Nxd4 {[%clk 1:16:09]}
13. Qxd4 {[%clk 1:05:05]} Rc4 {[%clk 1:16:27]} 14. Qf2 {[%clk 0:58:44]} Be7
{[%clk 1:07:17]} 15. g5 {[%clk 0:55:15]} O-O {[%clk 0:58:29]} 16. Be3 {[%clk
0:52:46]} Nc5 {[%clk 0:49:55]} 17. Bxc5 {[%clk 0:44:24]} Rxc5 {[%clk 0:45:15]}
18. h4 {[%clk 0:43:41]} g6 {[%clk 0:43:18]} 19. Rad1 {[%clk 0:37:24]} Qc7
{[%clk 0:40:58]} 20. h5 {[%clk 0:34:26]} a5 {[%clk 0:38:09]} 21. h6 {[%clk
0:28:59]} b4 {[%clk 0:30:52]} 22. axb4 {[%clk 0:27:15]} axb4 {[%clk 0:31:21]}
23. Qd4 {[%clk 0:26:50]} e5 {[%clk 0:31:44]} 24. Qxb4 {[%clk 0:25:13]} Rc4
{[%clk 0:28:05]} 25. Qb3 {[%clk 0:23:53]} exf4 {[%clk 0:27:45]} 26. Nb5 {[%clk
0:23:24]} Qc5 {[%clk 0:27:31]} 27. Nxd6 {[%clk 0:23:10]} Bxd6 {[%clk 0:26:22]}
28. Qxb7 f3 {[%clk 0:25:41]} 29. Rxf3 {[%clk 0:12:26]} Qe5 {[%clk 0:25:06]} 30.
Rh3 {[%clk 0:08:58]} Rxc2 {[%clk 0:22:45]} 31. Qd5 {[%clk 0:09:11]} Qxd5 {[%clk
0:21:12]} 32. Rxd5 {[%clk 0:08:57]} Rc1+ {[%clk 0:19:31]} 33. Bf1 {[%clk
0:09:26]} Rxf1+ {[%clk 0:19:49]} 34. Kg2 {[%clk 0:09:56]} Rb1 {[%clk 0:20:10]}
35. Rxd6 {[%clk 0:10:21]} Rxb2+ {[%clk 0:20:36]} 36. Kg3 {[%clk 0:08:17]}
1/2-1/2

[Event "Deutsche Ländermeisterschaft 2016"]
[Site "Hannover GER"]
[Date "2016.10.05"]
[Round "7"]
[White "Schneider, Jana"]
[Black "Degenhard, Simon"]
[Result "1-0"]
[Termination "normal"]
[Board "1.3"]
[WhiteElo "2046"]
[BlackElo "2042"]
[WhiteClock "00:43:10"]
[BlackClock "00:18:44"]
[WhiteTeam "Bayern"]
[BlackTeam "Württemberg"]
[PlyCount "71"]
[WhiteFideId "12924997"]
[BlackFideId "12944017"]
[EventCountry "GER"]
[EventRounds "7"]
[EventType "team-swiss"]
[EventDate "2016.09.30"]

1. e4 {[%clk 1:30:57]} c5 {[%clk 1:30:52]} 2. Nf3 {[%clk 1:31:20]} g6 {[%clk
1:31:17]} 3. d4 {[%clk 1:31:39]} cxd4 {[%clk 1:31:40]} 4. Qxd4 {[%clk 1:32:02]}
Nf6 {[%clk 1:31:59]} 5. Nc3 {[%clk 1:32:17]} Nc6 {[%clk 1:30:52]} 6. Qa4 {[%clk
1:32:37]} d6 {[%clk 1:24:44]} 7. e5 {[%clk 1:32:42]} dxe5 {[%clk 1:22:51]} 8.
Nxe5 {[%clk 1:33:02]} Qd4 {[%clk 1:23:11]} 9. Nxc6 {[%clk 1:33:14]} Qxa4 {[%clk
1:23:33]} 10. Nxa4 {[%clk 1:33:39]} bxc6 {[%clk 1:23:54]} 11. Be3 {[%clk
1:32:33]} Bg7 {[%clk 1:22:08]} 12. O-O-O {[%clk 1:29:15]} O-O {[%clk 1:21:25]}
13. Bc4 {[%clk 1:27:47]} Bf5 {[%clk 1:18:20]} 14. f3 {[%clk 1:24:35]} Rfe8
{[%clk 1:12:44]} 15. g4 {[%clk 1:21:49]} Bc8 {[%clk 1:13:02]} 16. Rhe1 {[%clk
1:11:51]} h5 {[%clk 1:06:27]} 17. h3 {[%clk 1:11:00]} hxg4 {[%clk 1:00:02]} 18.
fxg4 {[%clk 1:10:24]} Nd7 {[%clk 0:51:43]} 19. Bb3 {[%clk 1:04:11]} Ne5 {[%clk
0:44:45]} 20. Nc5 {[%clk 0:58:22]} Rb8 {[%clk 0:38:31]} 21. Bf4 {[%clk
0:56:36]} Rb5 {[%clk 0:38:18]} 22. Bxe5 {[%clk 0:56:46]} Rxc5 {[%clk 0:38:06]}
23. Bd6 {[%clk 0:57:00]} Rb5 {[%clk 0:35:51]} 24. Rxe7 {[%clk 0:53:38]} Bh6+
{[%clk 0:34:13]} 25. Kb1 {[%clk 0:53:47]} Rxe7 {[%clk 0:34:05]} 26. Bxe7 {[%clk
0:54:11]} Kg7 {[%clk 0:31:46]} 27. Rd6 {[%clk 0:49:11]} Be6 {[%clk 0:26:37]}
28. Bxe6 {[%clk 0:48:34]} Re5 {[%clk 0:26:51]} 29. a4 {[%clk 0:48:30]} fxe6
{[%clk 0:24:21]} 30. Rxc6 {[%clk 0:47:23]} Be3 {[%clk 0:23:59]} 31. Rc7 {[%clk
0:44:28]} Bb6 {[%clk 0:22:45]} 32. Rd7 {[%clk 0:43:55]} Kh6 {[%clk 0:20:48]}
33. h4 {[%clk 0:41:58]} g5 {[%clk 0:18:35]} 34. Bf8+ {[%clk 0:42:20]} Kg6
{[%clk 0:18:20]} 35. h5+ {[%clk 0:42:44]} Kf6 {[%clk 0:18:44]} 36. Bg7# {[%clk
0:43:10]} 1-0

[Event "Deutsche Ländermeisterschaft 2016"]
[Site "Hannover GER"]
[Date "2016.10.05"]
[Round "7"]
[White "Leser, Katrin"]
[Black "Leeb, Simon"]
[Result "0-1"]
[Termination "normal"]
[Board "1.4"]
[WhiteElo "2056"]
[BlackElo "2122"]
[WhiteClock "00:01:38"]
[BlackClock "00:21:02"]
[WhiteTeam "Württemberg"]
[BlackTeam "Bayern"]
[PlyCount "56"]
[WhiteFideId "12997692"]
[BlackFideId "12924768"]
[EventCountry "GER"]
[EventRounds "7"]
[EventType "team-swiss"]
[EventDate "2016.09.30"]

1. e4 {[%clk 1:30:59]} c5 {[%clk 1:30:49]} 2. Nf3 {[%clk 1:31:25]} d6 {[%clk
1:31:01]} 3. d4 {[%clk 1:31:46]} cxd4 {[%clk 1:31:19]} 4. Nxd4 {[%clk 1:32:10]}
Nf6 {[%clk 1:31:30]} 5. Nc3 {[%clk 1:32:23]} g6 {[%clk 1:31:14]} 6. Be3 {[%clk
1:30:39]} Bg7 {[%clk 1:30:28]} 7. f3 {[%clk 1:29:54]} a6 {[%clk 1:28:56]} 8.
Qd2 {[%clk 1:29:30]} Nbd7 {[%clk 1:27:37]} 9. O-O-O {[%clk 1:18:13]} b5 {[%clk
1:24:05]} 10. Bh6 {[%clk 1:09:14]} Bxh6 {[%clk 1:20:34]} 11. Qxh6 {[%clk
1:09:35]} Bb7 {[%clk 1:17:29]} 12. Be2 {[%clk 0:57:30]} Qa5 {[%clk 1:05:21]}
13. Nb3 {[%clk 0:52:22]} Qc7 {[%clk 1:03:47]} 14. Rhe1 {[%clk 0:49:10]} Rc8
{[%clk 0:59:55]} 15. Bd3 {[%clk 0:40:08]} Ne5 {[%clk 0:52:05]} 16. Qd2 {[%clk
0:38:33]} O-O {[%clk 0:45:47]} 17. Kb1 {[%clk 0:34:34]} b4 {[%clk 0:40:59]} 18.
Ne2 {[%clk 0:32:44]} a5 {[%clk 0:40:15]} 19. Nbd4 {[%clk 0:28:16]} d5 {[%clk
0:36:03]} 20. exd5 {[%clk 0:22:26]} Nxd5 {[%clk 0:34:29]} 21. Nb5 {[%clk
0:19:24]} Qb8 {[%clk 0:32:53]} 22. c3 {[%clk 0:17:29]} Rfd8 {[%clk 0:30:06]}
23. Qg5 {[%clk 0:10:15]} Nxc3+ {[%clk 0:25:07]} 24. Nbxc3 {[%clk 0:05:51]} Nxd3
{[%clk 0:24:00]} 25. Rxd3 {[%clk 0:04:44]} Rxd3 {[%clk 0:24:25]} 26. Nd1 {[%clk
0:03:40]} Qd6 {[%clk 0:21:57]} 27. Nf2 {[%clk 0:03:00]} Rd2 {[%clk 0:21:06]}
28. Qb5 {[%clk 0:01:38]} Ba6 {[%clk 0:21:02]} 0-1

[Event "Deutsche Ländermeisterschaft 2016"]
[Site "Hannover GER"]
[Date "2016.10.05"]
[Round "7"]
[White "Tong, Kevin"]
[Black "Gaßmann, Linda"]
[Result "1-0"]
[Termination "normal"]
[Board "1.5"]
[WhiteElo "2049"]
[BlackElo "1899"]
[WhiteClock "00:14:39"]
[BlackClock "00:01:12"]
[WhiteTeam "Bayern"]
[BlackTeam "Württemberg"]
[PlyCount "67"]
[WhiteFideId "12913944"]
[BlackFideId "12900451"]
[EventCountry "GER"]
[EventRounds "7"]
[EventType "team-swiss"]
[EventDate "2016.09.30"]

1. e4 {[%clk 1:30:53]} e5 {[%clk 1:30:53]} 2. Nf3 {[%clk 1:30:59]} Nf6 {[%clk
1:31:06]} 3. Nxe5 {[%clk 1:30:56]} d6 {[%clk 1:31:27]} 4. Nf3 {[%clk 1:30:50]}
Nxe4 {[%clk 1:31:36]} 5. Nc3 {[%clk 1:30:00]} Nxc3 {[%clk 1:31:34]} 6. dxc3
{[%clk 1:29:40]} Be7 {[%clk 1:31:24]} 7. Bf4 {[%clk 1:28:41]} Nc6 {[%clk
1:30:34]} 8. Qd2 {[%clk 1:28:44]} Be6 {[%clk 1:29:53]} 9. Ng5 {[%clk 1:27:54]}
Bxg5 {[%clk 1:28:44]} 10. Bxg5 {[%clk 1:28:16]} Qd7 {[%clk 1:28:39]} 11. O-O-O
{[%clk 1:28:11]} f6 {[%clk 1:27:21]} 12. Be3 {[%clk 1:28:03]} a6 {[%clk
1:26:47]} 13. b3 {[%clk 1:26:30]} O-O-O {[%clk 1:25:12]} 14. Kb2 {[%clk
1:24:08]} Rhe8 {[%clk 1:21:08]} 15. f3 {[%clk 1:17:12]} Re7 {[%clk 1:18:28]}
16. Bf2 {[%clk 1:13:33]} Rde8 {[%clk 1:16:57]} 17. h4 {[%clk 1:00:36]} h5
{[%clk 1:10:47]} 18. c4 {[%clk 0:56:51]} Bf5 {[%clk 1:05:28]} 19. a3 {[%clk
0:39:13]} Re5 {[%clk 0:51:57]} 20. Qc3 {[%clk 0:35:34]} Qf7 {[%clk 0:45:56]}
21. b4 {[%clk 0:31:59]} Nb8 {[%clk 0:33:00]} 22. c5 {[%clk 0:26:40]} dxc5
{[%clk 0:27:47]} 23. Bxc5 {[%clk 0:26:16]} Be6 {[%clk 0:23:12]} 24. Bd3 {[%clk
0:24:08]} Rd8 {[%clk 0:17:00]} 25. f4 {[%clk 0:21:12]} Red5 {[%clk 0:13:37]}
26. Rde1 {[%clk 0:20:39]} R5d7 {[%clk 0:11:50]} 27. Re3 {[%clk 0:19:14]} Nc6
{[%clk 0:08:44]} 28. Rhe1 {[%clk 0:17:30]} Bg4 {[%clk 0:08:15]} 29. Bc4 {[%clk
0:14:45]} Qg6 {[%clk 0:08:16]} 30. b5 {[%clk 0:14:05]} axb5 {[%clk 0:06:30]}
31. Bxb5 {[%clk 0:14:25]} Rd2 {[%clk 0:02:42]} 32. Bxc6 {[%clk 0:14:13]} bxc6
{[%clk 0:02:38]} 33. Qc4 {[%clk 0:14:28]} Kd7 {[%clk 0:01:12]} 34. Re7+ {[%clk
0:14:39]} 1-0

[Event "Deutsche Ländermeisterschaft 2016"]
[Site "Hannover GER"]
[Date "2016.10.05"]
[Round "7"]
[White "Brunner, Jan"]
[Black "Englert, Jon"]
[Result "1/2-1/2"]
[Termination "normal"]
[Board "1.6"]
[WhiteElo "1953"]
[BlackElo "1835"]
[WhiteClock "00:12:44"]
[BlackClock "00:30:14"]
[WhiteTeam "Württemberg"]
[BlackTeam "Bayern"]
[PlyCount "75"]
[WhiteFideId "12981010"]
[BlackFideId "12992275"]
[EventCountry "GER"]
[EventRounds "7"]
[EventType "team-swiss"]
[EventDate "2016.09.30"]

1. d4 {[%clk 1:30:58]} Nf6 {[%clk 1:30:56]} 2. c4 {[%clk 1:31:23]} g6 {[%clk
1:31:23]} 3. Nf3 {[%clk 1:31:50]} Bg7 {[%clk 1:31:48]} 4. g3 {[%clk 1:32:17]}
d6 {[%clk 1:32:11]} 5. Bg2 {[%clk 1:32:43]} c6 {[%clk 1:32:33]} 6. O-O {[%clk
1:33:06]} O-O {[%clk 1:32:57]} 7. Nc3 {[%clk 1:33:25]} Qa5 {[%clk 1:32:39]} 8.
e4 {[%clk 1:31:03]} e5 {[%clk 1:31:53]} 9. Re1 {[%clk 1:17:51]} Nbd7 {[%clk
1:30:53]} 10. dxe5 {[%clk 1:10:38]} Nxe5 {[%clk 1:26:20]} 11. Nxe5 {[%clk
0:59:37]} dxe5 {[%clk 1:24:49]} 12. Qe2 {[%clk 0:59:17]} Be6 {[%clk 1:23:29]}
13. Bd2 {[%clk 0:57:57]} Qc5 {[%clk 1:14:58]} 14. b3 {[%clk 0:55:26]} Qe7
{[%clk 1:13:06]} 15. f3 {[%clk 0:53:47]} Rfd8 {[%clk 1:11:25]} 16. Be3 {[%clk
0:52:24]} b6 {[%clk 1:06:59]} 17. Rad1 {[%clk 0:50:51]} Rac8 {[%clk 0:57:29]}
18. Rxd8+ {[%clk 0:48:59]} Rxd8 {[%clk 0:57:31]} 19. Rd1 {[%clk 0:48:01]} Bf8
{[%clk 0:56:50]} 20. Kf2 {[%clk 0:43:56]} Qc7 {[%clk 0:52:53]} 21. Rxd8 {[%clk
0:42:03]} Qxd8 {[%clk 0:52:42]} 22. Qd2 {[%clk 0:39:59]} Qxd2+ {[%clk 0:49:50]}
23. Bxd2 {[%clk 0:40:23]} Bc5+ {[%clk 0:50:09]} 24. Be3 {[%clk 0:37:43]} Bd4
{[%clk 0:48:11]} 25. Nd1 {[%clk 0:34:59]} Nd7 {[%clk 0:46:29]} 26. Bxd4 {[%clk
0:29:53]} exd4 {[%clk 0:46:51]} 27. Nb2 {[%clk 0:30:08]} Nc5 {[%clk 0:42:10]}
28. Ke2 {[%clk 0:29:15]} f6 {[%clk 0:40:24]} 29. Nd3 {[%clk 0:27:01]} Nxd3
{[%clk 0:40:06]} 30. Kxd3 {[%clk 0:27:23]} c5 {[%clk 0:40:30]} 31. f4 {[%clk
0:24:32]} Kf7 {[%clk 0:39:03]} 32. h3 {[%clk 0:20:50]} h5 {[%clk 0:38:55]} 33.
Bf1 {[%clk 0:20:09]} Bd7 {[%clk 0:37:32]} 34. a3 {[%clk 0:16:21]} Bc6 {[%clk
0:33:30]} 35. Be2 {[%clk 0:15:37]} Bd7 {[%clk 0:31:46]} 36. Bf1 {[%clk
0:13:26]} Bc6 {[%clk 0:30:45]} 37. Be2 {[%clk 0:13:10]} Bd7 {[%clk 0:30:14]}
38. Bf1 {[%clk 0:12:44]} 1/2-1/2

[Event "Deutsche Ländermeisterschaft 2016"]
[Site "Hannover GER"]
[Date "2016.10.05"]
[Round "7"]
[White "Braun, Kristin"]
[Black "Kölle, Tobias"]
[Result "1/2-1/2"]
[Termination "normal"]
[Board "1.7"]
[WhiteElo "1853"]
[BlackElo "1822"]
[WhiteClock "00:04:22"]
[BlackClock "00:18:00"]
[WhiteTeam "Bayern"]
[BlackTeam "Württemberg"]
[PlyCount "81"]
[WhiteFideId "24656534"]
[BlackFideId "16207378"]
[EventCountry "GER"]
[EventRounds "7"]
[EventType "team-swiss"]
[EventDate "2016.09.30"]

1. d4 {[%clk 1:30:59]} d5 {[%clk 1:30:54]} 2. e3 {[%clk 1:31:25]} Nf6 {[%clk
1:31:18]} 3. Bd3 {[%clk 1:31:50]} c5 {[%clk 1:31:11]} 4. b3 {[%clk 1:32:13]}
Nc6 {[%clk 1:31:33]} 5. Bb2 {[%clk 1:32:32]} e6 {[%clk 1:30:58]} 6. Nf3 {[%clk
1:31:00]} Be7 {[%clk 1:31:18]} 7. O-O {[%clk 1:31:00]} O-O {[%clk 1:30:31]} 8.
Ne5 {[%clk 1:29:19]} h6 {[%clk 1:26:43]} 9. Nd2 {[%clk 1:25:47]} cxd4 {[%clk
1:23:59]} 10. exd4 {[%clk 1:26:07]} Nd7 {[%clk 1:16:02]} 11. f4 {[%clk
1:23:04]} Bf6 {[%clk 1:11:53]} 12. Nxc6 {[%clk 1:11:12]} bxc6 {[%clk 1:12:12]}
13. Nf3 {[%clk 1:09:24]} c5 {[%clk 1:08:00]} 14. Ne5 {[%clk 1:03:06]} Qb6
{[%clk 1:05:14]} 15. Be2 {[%clk 0:56:38]} Nxe5 {[%clk 0:55:05]} 16. fxe5 {[%clk
0:53:10]} Bg5 {[%clk 0:52:45]} 17. Qd3 {[%clk 0:48:54]} a5 {[%clk 0:49:47]} 18.
dxc5 {[%clk 0:44:32]} Qxc5+ {[%clk 0:49:51]} 19. Bd4 {[%clk 0:42:36]} Qc7
{[%clk 0:49:54]} 20. c3 {[%clk 0:39:21]} Ba6 {[%clk 0:48:53]} 21. Qf3 {[%clk
0:38:34]} Bxe2 {[%clk 0:49:14]} 22. Qxe2 {[%clk 0:39:04]} Rac8 {[%clk 0:37:36]}
23. Rf3 {[%clk 0:38:10]} Qe7 {[%clk 0:26:59]} 24. Raf1 {[%clk 0:31:42]} Rb8
{[%clk 0:21:37]} 25. Qf2 {[%clk 0:29:30]} Rbc8 {[%clk 0:18:32]} 26. Bb6 {[%clk
0:23:46]} f5 {[%clk 0:15:59]} 27. Bxa5 {[%clk 0:22:04]} Qb7 {[%clk 0:15:24]}
28. Bb4 {[%clk 0:19:49]} Be7 {[%clk 0:15:48]} 29. Bxe7 {[%clk 0:19:50]} Qxe7
{[%clk 0:16:17]} 30. a4 {[%clk 0:16:18]} Qa3 {[%clk 0:16:07]} 31. Rb1 {[%clk
0:11:32]} Rb8 {[%clk 0:16:09]} 32. Qb2 {[%clk 0:10:15]} Qc5+ {[%clk 0:16:34]}
33. Kf1 {[%clk 0:10:07]} Qc7 {[%clk 0:16:52]} 34. Qe2 {[%clk 0:09:26]} f4
{[%clk 0:16:56]} 35. b4 {[%clk 0:08:06]} Rf5 {[%clk 0:17:00]} 36. Re1 {[%clk
0:07:05]} d4 {[%clk 0:17:06]} 37. Qd2 {[%clk 0:03:57]} Qc4+ {[%clk 0:17:00]}
38. Qd3 {[%clk 0:04:06]} Qxd3+ {[%clk 0:17:10]} 39. Rxd3 {[%clk 0:04:03]} dxc3
{[%clk 0:17:34]} 40. Rxc3 {[%clk 0:04:22]} Rxb4 {[%clk 0:18:00]} 41. Ra3
1/2-1/2

[Event "Deutsche Ländermeisterschaft 2016"]
[Site "Hannover GER"]
[Date "2016.10.05"]
[Round "7"]
[White "Liu, Sijia Anna"]
[Black "Khamenya, Vitalia"]
[Result "0-1"]
[Termination "normal"]
[Board "1.8"]
[WhiteElo "1445"]
[BlackElo "1636"]
[WhiteClock "00:23:52"]
[BlackClock "00:11:09"]
[WhiteTeam "Württemberg"]
[BlackTeam "Bayern"]
[PlyCount "92"]
[WhiteFideId "12989746"]
[BlackFideId "12959260"]
[EventCountry "GER"]
[EventRounds "7"]
[EventType "team-swiss"]
[EventDate "2016.09.30"]

1. e4 {[%clk 1:30:59]} e5 {[%clk 1:30:55]} 2. Nf3 {[%clk 1:31:10]} Nc6 {[%clk
1:31:20]} 3. Bc4 {[%clk 1:31:23]} Bc5 {[%clk 1:31:38]} 4. c3 {[%clk 1:31:08]}
Nf6 {[%clk 1:31:34]} 5. d4 {[%clk 1:31:23]} exd4 {[%clk 1:32:00]} 6. cxd4
{[%clk 1:31:44]} Bb4+ {[%clk 1:32:27]} 7. Nc3 {[%clk 1:32:08]} Nxe4 {[%clk
1:32:47]} 8. O-O {[%clk 1:32:31]} Bxc3 {[%clk 1:32:53]} 9. d5 {[%clk 1:32:43]}
Bf6 {[%clk 1:32:38]} 10. Re1 {[%clk 1:32:48]} Ne7 {[%clk 1:32:34]} 11. Rxe4
{[%clk 1:32:58]} d6 {[%clk 1:32:59]} 12. g4 {[%clk 1:31:20]} h6 {[%clk
1:25:36]} 13. h4 {[%clk 1:29:02]} g6 {[%clk 1:23:07]} 14. g5 {[%clk 1:26:43]}
hxg5 {[%clk 1:21:10]} 15. Bxg5 {[%clk 1:26:57]} Bxg5 {[%clk 1:16:50]} 16. hxg5
{[%clk 1:26:12]} O-O {[%clk 1:11:05]} 17. Kg2 {[%clk 1:20:34]} Nf5 {[%clk
1:07:23]} 18. Qh1 {[%clk 1:17:55]} Kg7 {[%clk 1:06:18]} 19. Qh2 {[%clk
1:11:55]} Rh8 {[%clk 1:04:24]} 20. Qf4 {[%clk 1:11:39]} Bd7 {[%clk 1:03:11]}
21. Rh1 {[%clk 1:08:21]} Rxh1 {[%clk 0:53:24]} 22. Kxh1 Qh8+ {[%clk 0:52:31]}
23. Qh2 {[%clk 1:06:55]} Qh5 {[%clk 0:46:38]} 24. Qxh5 {[%clk 1:04:53]} gxh5
{[%clk 0:46:46]} 25. Nh4 {[%clk 0:59:22]} Nxh4 {[%clk 0:45:14]} 26. Rxh4 {[%clk
0:59:38]} Bg4 {[%clk 0:45:12]} 27. Kg2 {[%clk 0:55:05]} Kg6 {[%clk 0:44:59]}
28. f4 {[%clk 0:53:10]} Re8 {[%clk 0:43:13]} 29. Bd3+ {[%clk 0:51:10]} f5
{[%clk 0:41:33]} 30. Kf2 {[%clk 0:46:41]} c5 {[%clk 0:35:27]} 31. b3 {[%clk
0:40:04]} a6 {[%clk 0:32:22]} 32. Rh1 {[%clk 0:34:38]} b5 {[%clk 0:20:17]} 33.
Re1 {[%clk 0:26:02]} Rxe1 {[%clk 0:18:25]} 34. Kxe1 {[%clk 0:26:25]} Bf3 {[%clk
0:18:20]} 35. Be2 {[%clk 0:25:36]} Bxd5 {[%clk 0:18:16]} 36. Kf2 {[%clk
0:24:06]} c4 {[%clk 0:16:11]} 37. bxc4 {[%clk 0:24:11]} Bxc4 {[%clk 0:16:07]}
38. Bd1 {[%clk 0:22:58]} Bxa2 {[%clk 0:16:17]} 39. Kg3 {[%clk 0:23:13]} b4
{[%clk 0:09:11]} 40. Kh4 {[%clk 0:22:46]} b3 {[%clk 0:09:15]} 41. Bxh5+ {[%clk
0:22:37]} Kg7 {[%clk 0:09:35]} 42. Be2 {[%clk 0:22:42]} b2 {[%clk 0:09:48]} 43.
Bd3 {[%clk 0:23:11]} b1=Q {[%clk 0:10:08]} 44. Bxb1 {[%clk 0:23:33]} Bxb1
{[%clk 0:10:34]} 45. Kh5 {[%clk 0:23:54]} a5 46. g6 {[%clk 0:23:52]} a4 {[%clk
0:11:09]} 0-1

[Event "Deutsche Ländermeisterschaft 2016"]
[Site "Hannover GER"]
[Date "2016.10.05"]
[Round "7"]
[White "Richter, Leonard"]
[Black "Krause, Benedict"]
[Result "1/2-1/2"]
[Termination "normal"]
[Board "2.1"]
[BlackTitle "FM"]
[WhiteElo "2282"]
[BlackElo "2389"]
[WhiteClock "00:05:46"]
[BlackClock "00:03:55"]
[WhiteTeam "Sachsen"]
[BlackTeam "Schleswig-Holstein"]
[PlyCount "81"]
[WhiteFideId "12900290"]
[BlackFideId "12917990"]
[EventCountry "GER"]
[EventRounds "7"]
[EventType "team-swiss"]
[EventDate "2016.09.30"]

1. e4 {[%clk 1:30:58]} c6 {[%clk 1:30:49]} 2. c4 {[%clk 1:31:19]} d5 {[%clk
1:30:56]} 3. cxd5 {[%clk 1:31:35]} cxd5 {[%clk 1:31:19]} 4. exd5 {[%clk
1:32:01]} Nf6 {[%clk 1:31:36]} 5. Qa4+ {[%clk 1:32:23]} Nbd7 {[%clk 1:30:28]}
6. Nc3 {[%clk 1:32:40]} g6 {[%clk 1:30:12]} 7. Nf3 {[%clk 1:32:32]} Bg7 {[%clk
1:28:06]} 8. Bc4 {[%clk 1:32:38]} O-O {[%clk 1:26:23]} 9. d3 {[%clk 1:32:58]}
a6 {[%clk 1:19:32]} 10. Qa3 {[%clk 1:33:11]} Nb6 {[%clk 1:04:57]} 11. Qb3
{[%clk 1:33:12]} Nxc4 {[%clk 1:00:56]} 12. dxc4 {[%clk 1:31:46]} b5 {[%clk
0:55:23]} 13. O-O {[%clk 1:15:54]} e6 {[%clk 0:42:25]} 14. cxb5 {[%clk
1:07:10]} Nxd5 {[%clk 0:40:21]} 15. Rd1 {[%clk 0:59:39]} Qb6 {[%clk 0:39:19]}
16. Nxd5 {[%clk 0:48:58]} exd5 {[%clk 0:37:46]} 17. bxa6 {[%clk 0:48:18]} Qxa6
{[%clk 0:26:01]} 18. Be3 {[%clk 0:41:12]} Bd7 {[%clk 0:25:55]} 19. Qxd5 {[%clk
0:32:41]} Bc6 {[%clk 0:22:33]} 20. Qd2 {[%clk 0:27:33]} Qb7 {[%clk 0:21:41]}
21. Bd4 {[%clk 0:22:51]} Rfd8 {[%clk 0:17:17]} 22. Qc3 {[%clk 0:22:06]} Bxf3
{[%clk 0:12:04]} 23. gxf3 {[%clk 0:22:26]} Rac8 {[%clk 0:09:38]} 24. Qe3 {[%clk
0:18:47]} Bxd4 {[%clk 0:09:36]} 25. Rxd4 {[%clk 0:19:07]} Qxb2 {[%clk 0:09:53]}
26. Rxd8+ {[%clk 0:18:23]} Rxd8 {[%clk 0:10:05]} 27. Qe1 {[%clk 0:14:09]} Qf6
{[%clk 0:06:57]} 28. Rd1 {[%clk 0:13:54]} Ra8 {[%clk 0:05:53]} 29. Qe2 {[%clk
0:14:14]} Ra3 {[%clk 0:04:22]} 30. f4 {[%clk 0:11:08]} Qxf4 {[%clk 0:02:22]}
31. Rd8+ {[%clk 0:10:50]} Kg7 {[%clk 0:02:49]} 32. Qb2+ {[%clk 0:10:44]} Kh6
{[%clk 0:03:16]} 33. Qxa3 {[%clk 0:10:17]} Qg5+ {[%clk 0:03:42]} 34. Qg3 {[%clk
0:10:33]} Qxd8 {[%clk 0:04:05]} 35. Qg4 {[%clk 0:08:27]} Kg7 {[%clk 0:02:32]}
36. a4 {[%clk 0:08:23]} h5 {[%clk 0:02:57]} 37. Qf4 {[%clk 0:08:13]} Qd1+
{[%clk 0:03:16]} 38. Kg2 {[%clk 0:08:35]} Qd5+ {[%clk 0:03:05]} 39. Qf3 {[%clk
0:08:16]} Qg5+ {[%clk 0:03:30]} 40. Qg3 {[%clk 0:08:26]} Qd5+ {[%clk 0:03:55]}
41. Qf3 {[%clk 0:05:46]} 1/2-1/2